000 00443nam a2200181Ia 4500
001 25245
005 20260414151137.0
008 260414t2012||||xx |||||||||||||| ||spa||
041 _aESP
082 _a346.4
_bD75 T. 6
100 _aDiez-Picazo, Luis
_eAUT
245 0 _aFundamentos del derecho civil patrimonial
_b
260 _c2012
300 _a544 páginas :
_c25 cm.
650 _aDER
654 _aCDE
942 _cLIB
_dJUS
_fJUS
_2ddc
_n
999 _c25245
_d25245